Statistics for 75 countries by one clue

Click here to take the quiz!

General Stats

  • This quiz has been taken 44 times
  • The average score is 47 of 75

Answer Stats

HintAnswer% Correct
About 20 million people here live in mobile homesUnited States
95%
The holy city for Islam is hereSaudi Arabia
93%
Only country to border both Italy and the AtlanticFrance
90%
Hans Christian Andersen, who wrote the "Little Mermaid" and many other stories, is from hereDenmark
85%
This country surrounds two other countriesItaly
85%
Every city here has at least one soccer stadiumBrazil
83%
Only landlocked country in Southeast AsiaLaos
83%
Formerly a combined state with the Czech RepublicSlovakia
83%
There is a city here famous for it's blue roofsGreece
80%
4th largest country by area in AfricaLibya
80%
Only country to border both Gabon and AngolaRepublic of the Congo
80%
The country is split in two by ArmeniaAzerbaijan
78%
"Allahu Akbar" is written in Arabic script on their flagIraq
78%
The George Cross Award is incorporated on their flagMalta
78%
Home to the Tree of Ténéré (sculpture)Niger
78%
Formerly Dutch GuianaSuriname
78%
One of two countries ending in "stan" that borders the Caspian SeaTurkmenistan
78%
This South American country has 2 capitalsBolivia
76%
In this country, reincarnation is forbidden without government permissionChina
76%
The worlds earliest human skull was found hereTanzania
76%
This former soviet state still applies the death penaltyBelarus
73%
This country is considered the first black republicHaiti
73%
They fought against El Salvador in the Football WarHonduras
73%
The smallest island nationNauru
73%
This Central American country has one of the 7 Wonders of the Modern WorldPanama
73%
They switched from driving on the left hand side of the road to the rightSweden
73%
This country has Lamborghinis and Ferraris in their police forceUnited Arab Emirates
73%
Contains Dhekelia UK Sovereign BaseCyprus
71%
The ancient legend says that the worlds first murder occurred hereSyria
71%
The first African country to reach the quarter-final in the soccer world cupCameroon
68%
One of the seven countries with claims to land in AntarcticaChile
68%
The only country that borders GambiaSenegal
68%
This country is famous for the Victoria FallsZambia
68%
Tiger Woods had his wedding hereBarbados
66%
Simo Häyä is a famous sniper from hereFinland
66%
One of the world's most homophobic countriesGeorgia
66%
This country places 6th in beer consumption per capitaIreland
66%
This country is sometimes confused with a region in GreeceMacedonia
66%
Agent Orange was deployed hereVietnam
66%
This country is only partially recognized as an independent stateKosovo
63%
The world's tallest statue of a horse is hereMongolia
63%
The worlds largest emerald (2860 carat) is displayed in hereAustria
61%
Home of the longest serving ruler in the Middle EastOman
61%
The national anthem is on their $1000 billSingapore
61%
Their motto is "Libertad y Orden" (Freedom and Order)Colombia
59%
Home of the Temple of BacchusLebanon
59%
New years here is on the 13th of AprilNepal
59%
It's flag has an aspect ratio of 11:28Qatar
59%
Air France flight 8969 was hijacked hereAlgeria
56%
Home to the Caprivi stripNamibia
56%
The largest refugee camp in the world is hereSomalia
56%
Contains the sixth largest oil reserve in the worldKuwait
51%
The smallest Portuguese speaking countrySao tome and Principe
51%
Home to the heaviest land tortoise living in the wildSeychelles
51%
Home to the Fann MountainsTajikistan
51%
This country has one of the highest rates of vehicle ownershipBrunei
49%
The world's major exporter for false teethLiechtenstein
49%
This country has the highest ratio of telephone lines to peopleLuxembourg
49%
The highest scoring country name in ScrabbleMozambique
49%
This country has only one citySamoa
49%
This country has the most meerkatsBotswana
46%
Their currency is named the rielCambodia
46%
Home to the lowest point in AfricaDjibouti
46%
In 1967, a 601-carat diamond was discovered hereLesotho
46%
Home of the worlds largest salt water lagoonSolomon Islands
46%
Lamin is a common name for men hereGambia
44%
The only indigenous animal here is the Polynesian RatMarshall Islands
44%
The oldest musical instrument in Europe was found hereSlovenia
44%
The Oubangui mouse is only found hereCentral African Republic
41%
This country has the world's only Carlsberg factory outside DenmarkMalawi
41%
Birthplace of the Vodun (or "voodoo") religionBenin
39%
Home to Lopé National ParkGabon
39%
Pirates of the Caribbean I, II, and III were filmed hereSaint Vincent and the Grenadines
39%
Three of the last four ministers of transport here died in car crashesSwaziland
34%
This countries capital is on an island off the coast of the main land massEquatorial Guinea
10%

Score Distribution

Percentile by Number Answered

Percent of People with Each Score

Your Score History

You have not taken this quiz